000 00902nam a2200253Ia 4500
003 OSt
005 20220923222139.0
006 a|||||r|||| 00| 0
007 ta
008 220922b |||||||| |||| 00| 0 ben d
024 _a203,378
037 _cTextual
040 _aARTS
_cARTS
_bben
041 _2ben
_aben
082 _aO157,3N12,22, 152M9
100 _aमित्र, विमल; चौधरी, योगेन्द्र, अनु.
_9166113
245 0 _aअब किसकी बारी है
246 _aAb kisakī bārī hai
260 _aदिल्ली
_b राजपाल
_c1982
300 _a134पृ0
_ccm.
650 _aबंगाली साहित्य
_9156264
942 _hO157,3N12,22, 152M9
_cTEXL
_2CC
999 _c354130
_d354130